| 000 | 00960nmm a2200325 a 4500 | ||
|---|---|---|---|
| 003 | AR-BaBNM | ||
| 005 | 20251128205946.0 | ||
| 008 | 158019s[s.f ||||||||||||||000 | spa|| | ||
| 020 | _a987-95569-0-9 | ||
| 040 | _cAR-BaBNM | ||
| 100 | 1 | _aRuiz Moreno, Isidoro Jorge | |
| 245 | 1 | 0 | _aHistoria de los Granaderos a Caballo |
| 260 |
_aBuenos Aires _bIndependencia Argentina _c[s.f.] |
||
| 300 | 0 |
_a242 p. _bil., láms., mapas |
|
| 504 | _aBibliografía para consultar p. 238-239 | ||
| 600 | 1 | 4 | _aSan Martín, José de |
| 650 | 4 | _aHISTORIA ARGENTINA | |
| 650 | 4 | _aGRANADEROS A CABALLO | |
| 650 | 4 | _aCAMPANAS LIBERTADORAS | |
| 650 | 4 | _aCOMBATE DE SAN LORENZO | |
| 650 | 4 | _aHISTORIA DEL EJERCITO | |
| 650 | 4 | _aFUERZAS ARMADAS | |
| 650 | 4 | _aCIENCIAS POLITICAS | |
| 650 | 4 | _aPERSONAL MILITAR | |
| 650 | 4 | _aHISTORIA POLITICA | |
| 700 | 1 | _aLandaburu, Fedderico Guillermo | |
| 700 | 1 | _aAguirre Saravia, Aníbal | |
| 942 | _cBK | ||
| 998 | _cMariana | ||
| 999 |
_c13479 _d13479 |
||